| Tag |
First Indicator |
Second Indicator |
Subfields |
| LEADER |
00000pam a2200000 a 4500 |
| 001 |
in00004461908 |
| 005 |
20210818135008.0 |
| 008 |
820304s1983 paua b 00100 eng d |
| 010 |
|
|
|a 82000191
|
| 020 |
|
|
|a 0812108329
|
| 035 |
|
|
|a (OCoLC)08285188
|
| 035 |
|
|
|9 AAB9639MS
|
| 035 |
|
|
|z (UtOrBLW)6849
|
| 035 |
|
|
|a 10852
|
| 039 |
0 |
|
|a 2
|b 3
|c 3
|d 3
|e 2
|
| 040 |
|
|
|a NLM
|c NLM
|d TMV
|d UtOrBLW
|
| 049 |
|
|
|a TMVM
|c [8004842]
|
| 059 |
|
|
|l MS/BOOK STKS
|z 2
|t BOOK
|k CIRCULATING
|i 3238900099426
|j 8004842
|n NL
|a WS 290
|b V331 1983
|
| 060 |
|
0 |
|a WS 290
|b V331 1983
|
| 245 |
0 |
0 |
|a Vascular disorders of childhood /
|c edited by Richard H. Dean, James A. O'Neill, Jr.
|
| 264 |
|
1 |
|a Philadelphia :
|b Lea & Febiger,
|c 1983.
|
| 300 |
|
|
|a xii, 205 pages :
|b illustrations ;
|c 27 cm.
|
| 336 |
|
|
|a text
|2 rdacontent
|b txt
|
| 337 |
|
|
|a unmediated
|2 rdamedia
|
| 338 |
|
|
|a volume
|2 rdacarrier
|b nc
|
| 504 |
|
|
|a Includes bibliographies and index.
|
| 650 |
|
2 |
|a Vascular Diseases
|x in infancy & childhood.
|
| 650 |
|
2 |
|a Vascular Surgery
|x in infancy & childhood.
|
| 700 |
1 |
|
|a Dean, Richard H.
|
| 700 |
1 |
|
|a O'Neill, James A.
|
| 948 |
|
|
|a 2002 evaluation; Update, keep until update copy processed; 7/16/02 ngb.
|
| 999 |
|
|
|a MARS
|
| 999 |
f |
f |
|s 3557ae43-fb1d-361c-971d-85bff0f4fc03
|i 1a91c8a8-e0f6-3fd9-8110-9f2636f1b82e
|t 0
|
| 952 |
f |
f |
|p ric
|a Texas A&M University
|b Rellis Campus
|c Joint Library Facility
|d Remote Storage
|t 0
|e WS 290 V331 1983
|h National Library of Medicine classification
|i unmediated -- volume
|m 3238900099426
|
| 998 |
f |
f |
|a WS 290 V331 1983
|t 0
|l Remote Storage
|